Champions League Topscorer 1992/93 - Statistiken

Allgemein
  • Dieses Quiz wurde 10 mal gespielt
  • Das Durchschnittsergebnis liegt bei 3 aus 21
Antwortstatistiken
Rang Nation Verein Tore Antwort % Korrekt
2 Niederlande AC Milan 6 Marco van Basten
80%
1 Brasilien PSV Eindhoven 7 Romario
80%
10 Frankreich Milan 3 Papin
70%
10 Niederlande Milan 3 Frank Rijkaard
50%
10 Ghana Marseille 3 Abedi Pele
30%
2 Kroatien OL Marseille 6 Alen Boksic
20%
10 Bulgarien Porto 3 Emil Kostadinov
10%
10 Niederlande PSV Eindhoven 3 Arthur Numan
0%
10 Russland CSKA Moskva 3 Dmitriy Karsakov
0%
2 Frankreich OL Marseille 6 Franck Sauzee
0%
6 Belgien Club Brugge 4 Gert Verheyen
0%
10 Schottland Rangers 3 Ian Durrant
0%
5 Schweden Göteborg 5 Johnny Ekström
0%
10 Niederlande PSV Eindhoven 3 Juul Ellerman
0%
10 Belgien Club Brugge 3 Lorenzo Staelens
0%
6 Italien AC Milan 4 Marco Simone
0%
10 England Rangers 3 Mark Hateley
0%
10 Schweden Göteborg 3 Mikael Nilsson
0%
10 Guinea-Bissau Porto 3 Toni
0%
6 Brasilien Sion 4 Tulio
0%
6 Brasilien Porto 4 Ze Carlos
0%
Keine übereinstimmenden Quizze gefunden
Verteilung der Resultate
Anzahl Personen mit jedem Resultat
Perzentil nach korrekt beantworteten Fragen
Ihre Resultats-Entwicklung
Sie haben dieses Quiz noch nicht gespielt